000 00443nam a2200169 a 4500
005 20140310183208.0
008 030207s19uu xx 00 eng d
020 _a0373240090
050 _aPZ 7
_b.W894 1996
100 _aWoods, Sherryl
245 _aThe Cowboy and his baby /
_cSherryl Woods.
260 _aNew York :
_bSilhouette Books,
_c1996.
300 _a248 P. :
_c17 CM.
650 _aFiction
942 _cBK
_2lcc
999 _c20041
_d20041